000 00576nam a22002057a 4500
003 BUBTL
008 190115b xxu||||| |||| 00| 0 eng d
082 _a823.8 / M3631g/ 2003
100 _aMartin, Graham
_95066
245 _aGreat Expectations :
_bGraham Martin
250 _a1st Edn
260 _aNew Delhi
_bViva Books Private Limited
_cc2003
300 _a98p. :
_c21 cm
500 _aIncludes Index
650 0 _91994
_aEnglish Literature
710 _aGraham Martin
_95067
856 _k0
_l0
_yDownload
942 _2ddc
_cBK
999 _c5865
_d5865